El estado mundial de la pesca y la acuicultura /
Informe de la Organización de las Naciones Unidas para la Agricultura y la Alimentación (FAO) sobre el estado de la pesca y la acuicultura como actividad comercial. Los resultados dicen que la pesca de captura se está estancando, la producción acuícola está aumentando y la preocupación sobre el ecos...
-д хадгалсан:
| Байгууллагын зохиогч: | |
|---|---|
| Формат: | Ном |
| Хэл сонгох: | испани |
| Хэвлэсэн: |
Roma, Italia :
FAO,
2004, c2004
|
| Нөхцлүүд: | |
| Шошгууд: |
Шошго байхгүй, Энэхүү баримтыг шошголох эхний хүн болох!
|
MARC
| LEADER | 00000nam^a2200000^a^4500 | ||
|---|---|---|---|
| 001 | 000183485 | ||
| 005 | 20250521000000.0 | ||
| 009 | 20260310102041.462 | ||
| 020 | |a 92-5-305177-9 | ||
| 037 | |a Acervo ITESO - Biblioteca | ||
| 041 | |a ESP | ||
| 082 | |a 338. 372 |b FAO 2004 | ||
| 110 | |a FAO | ||
| 245 | 1 | 3 | |a El estado mundial de la pesca y la acuicultura / |c FAO ; pról. de Ichiro Nomura. |
| 264 | 4 | |a Roma, Italia : |b FAO, |c 2004, c2004 | |
| 300 | |a XIV, 168 p. + |e 1 disco compacto de computadora | ||
| 336 | |a texto |b txt |2 rdacontenido | ||
| 337 | |a sin mediación |b n |2 rdamedio | ||
| 338 | |a volumen |b nc |2 rdasoporte | ||
| 520 | |a Informe de la Organización de las Naciones Unidas para la Agricultura y la Alimentación (FAO) sobre el estado de la pesca y la acuicultura como actividad comercial. Los resultados dicen que la pesca de captura se está estancando, la producción acuícola está aumentando y la preocupación sobre el ecosistema acuático y la sostenibilidad de los pescadores se está generalizando. Se presentan también algunas opciones para acrecentar el potencial de alimentos acuáticos para los próximos 30 años. | ||
| 649 | |a XX | ||
| 650 | |a Pesca - |x Informes | ||
| 650 | |a Pesca - |x Aspectos Económicos | ||
| 650 | |a Pesca - |x Aspectos Económicos | ||
| 650 | |a Pesca - |x Aspectos Económicos | ||
| 650 | |a Acuicultura | ||
| 650 | |a Abasto de Alimentos | ||
| 650 | |a Recursos Renovables | ||
| 650 | |a Recursos Naturales | ||
| 650 | |a Ecosistemas | ||
| 650 | |a Desarrollo Sustentable | ||
| 650 | |a Economía | ||
| 910 | |a Fondo General | ||
| 920 | |a Impresos - Libros | ||
| 930 | |a Colección General | ||
| 905 | |a 101 | ||
| 901 | |a 0500124158 |b IT1 |c ACC |u 20250521 | ||
| 901 | |a SFW0001065 |b IT2 |c SWS |u 20250521 | ||
| 902 | |a https://opac.biblio.iteso.mx/vufind/Record/000183485 | ||